| 000 | 00979nam a22002417a 4500 | ||
|---|---|---|---|
| 005 | 20250514113739.0 | ||
| 008 | 250514b |||||||| |||| 00| 0 eng d | ||
| 020 | _a978-81-9411-85-8-9 (hbk) | ||
| 037 | _cTB | ||
| 040 |
_aCRL _cCRL |
||
| 041 |
_2hin _ahin |
||
| 084 |
_aP4445,3:2 152Q9 _qCRL |
||
| 100 |
_aपाठक, चन्द्रशेखर _9784326 |
||
| 245 | _aकुमाउँनी शब्द संरचना | ||
| 260 |
_aगाज़ियाबाद, भारत: _bनवारुण, _c2019. |
||
| 300 | _a111पृ0 | ||
| 365 |
_b350.00 _cINR |
||
| 650 |
_aभाषा _9784327 |
||
| 650 |
_aकुमाउँनी _9784328 |
||
| 650 |
_aशब्द _9784329 |
||
| 942 |
_2CC _cTB _hP4445,3:2 152Q9 _n0 |
||
| 999 |
_c1400848 _d1400848 |
||